LEADER 01034cam0-2200337---450- 001 990006420330403321 005 20100907143042.0 010 $a2-907303-20-1 035 $a000642033 035 $aFED01000642033 035 $a(Aleph)000642033FED01 035 $a000642033 100 $a20001116d1999----km-y0itay50------ba 101 0 $afre 102 $aFR 105 $aa-------001yy 200 1 $a<>structures d'habitat au Paléolithique en France$fBérengère Yar et Philipphe Dubois 210 $aMontagnac$cMonique Mergoil$dc1999 215 $a240 p.$cill.$d30 cm 225 1 $aPréhistoires 610 0 $aInsediamenti umani$aFrancia$aCiviltà paleolitica$aFonti archeologiche 676 $a936.401 700 1$aYar,$bBérengèr$0408329 701 1$aDubois,$bPhilippe$091900 801 0$aIT$bUNINA$gRICA$2UNIMARC 901 $aBK 912 $a990006420330403321 952 $a936.401 YAR 1$b32996$fFLFBC 959 $aFLFBC 996 $aStructures d'habitat au Paléolithique en France$9649515 997 $aUNINA LEADER 01152nam0-22003371i-450- 001 990000814630403321 005 20001010 010 $a88-387-1736-2 035 $a000081463 035 $aFED01000081463 035 $a(Aleph)000081463FED01 035 $a000081463 100 $a20001010d--------km-y0itay50------ba 101 0 $aita 105 $ay-------001yy 200 1 $aProve sui materiali da costruine per nuove opere e per verifiche di sicurezza su strutture esistenti$evademecum perprogettisti, direttori dei lavori, collaudatori$fMauro Case, Giorgio Clai 210 $aRimini$cMaggioli$d[2000] 215 $a234 p.$cill.$d24 cm 225 1 $aProgettazione: tecniche & materiali$v255 610 0 $aMATERIALI DA COSTRUZIONE$aprove 610 0 $aSICUREZZA$astrutture 700 1$aCase,$bMauro$0339447 702 1$aClai,$bGiorgio 801 0$aIT$bUNINA$gRICA$2UNIMARC 901 $aBK 912 $a990000814630403321 952 $aTECN B 1402$b11340$fFARBC 959 $aFARBC 996 $aProve sui materiali da costruine per nuove opere e per verifiche di sicurezza su strutture esistenti$9347406 997 $aUNINA DB $aING01